00345nam a2200145Ia 4500008004100000020001500041041000800056082001800064100001600082245003300098250000600131260003900137300000800176650001500184210716s2005 xx 000 0 und d a8129700999 aeng a658.4092 YUKG aYukl, Gary. aLeadership in organizations. a5 aNew DelhibPearson Educationc2005 a528 aLeadership